000 01530cam a2200289 4500
001 ABS67857
008 040601n2004 000 0 eng u
035 _a(Sirsi) u126320
100 _aCastell, B.
245 _aPlanners called on to help fight crime
260 _c2004
490 _aPlanning (for the Natural and Built Environment)
_v(1568) 7 May 2004, 14-15(2)
520 _aDiscusses new government guidance on the role of good planning practice in crime prevention and creating safer communities. "Safer places: the planning system and crime prevention" (ISBN 0727732617), a companion document to PPS1, spells out the key attributes that define safer places and provides a wide range of case studies exemplifying imaginative planning and design responses to crime problems. The guidance is also about making places match sustainable community criteria and the full set of planning objectives. The guidance is available at www.odpm.gov.uk.
590 _aABS
590 _aABS
650 _aLAYOUT STANDARDS
650 _aROUTES
650 _aOWNERSHIP
650 _aPUBLIC SPACE
650 _aPLANNING POLICY STATEMENT ONE
650 _aSECURITY
650 _aCRIME PREVENTION
690 _aPLANNING-PRACTICE
856 _uhttps://www.odpm.gov.uk/stellent/groups/odpm_planning/documents/page/odpm_plan_028449.pdf
_zView guidance at ODPM website...
856 _uhttps://www.odpm.gov.uk/stellent/groups/odpm_planning/documents/page/odpm_plan_028449.pdf
_zView guidance at ODPM website...
942 _n0
999 _c117418
_d117418